000 00614nam a2200241 a 4500
001 nice12345678
003 IN_TiNIC
005 20260116012301.0
008 050524s1980 cala grp 000 0 eng
020 _a0878089
_c100
082 0 0 _a269.2
_bLEN
100 _aLenning, Larry G
245 _aBlessing in Mosque and Mission
260 _aCalifornia
_bWilliam Carey Library
_c1980
300 _a155p
500 _aincludes index and biblioraphy
505 2 _aBibliography, Index
650 _aEvangelistic Work
700 1 _aLenning, Larry G
902 _bSRS
942 _cBK
999 _c6388
_d6388